LEADER 03248nam 2200577 a 450 001 9910789884503321 005 20230725032508.0 010 $a1-299-20099-0 010 $a0-7083-2408-8 035 $a(CKB)2670000000138130 035 $a(EBL)819819 035 $a(OCoLC)769342474 035 $a(SSID)ssj0000636010 035 $a(PQKBManifestationID)12252917 035 $a(PQKBTitleCode)TC0000636010 035 $a(PQKBWorkID)10660023 035 $a(PQKB)11109304 035 $a(MiAaPQ)EBC819819 035 $a(Au-PeEL)EBL819819 035 $a(CaPaEBR)ebr10640659 035 $a(CaONFJC)MIL451349 035 $a(EXLCZ)992670000000138130 100 $a20130109d2011 uy 0 101 0 $aeng 135 $aur|n|---||||| 181 $ctxt 182 $cc 183 $acr 200 10$aGothic machine$b[electronic resource] $etextualities, pre-cinematic media and film in popular visual culture, 1670-1910 /$fDavid J. Jones 210 $aCardiff $cUniversity of Wales Press$d2011 215 $a1 online resource (254 p.) 225 0$aGothic library studies 300 $aDescription based upon print version of record. 311 $a0-7083-2407-X 320 $aIncludes bibliographical references and index. 327 $aAcknowledgements; List of illustrations; Introduction; Memento Mori, Griendel and the Forerunners, Schro?pferand Schiller: German Popular Visual Culture 1670-1800. Friedrich Schiller's Der Geisterseher/The Ghost-Seer, Sturm und Drang and Magic-Lantern Shows; Matthew Lewis's The Monk, the Marquis de Sade andInter-Medial Influence: The Publishers, Readership,Visual Spectacle and the Staging of Gothic 1790-1830; Etienne-Gaspard Robertson's Gothic Fantasmagorie and E. T. A. Hoffmann 327 $aGothic Renewal and Bifurcation: Sheridan Le Fanu, Edward Bulwer-Lytton's The Strange Tale, Charles Dickens, Pepper's Ghost and Etienne-Jules Marey.The Daguerreotype and Diablerie in French Visual Media'In or around the Winter, 1895': From the Prelude toCinema Proper. French Gothic Symbolism, Villiersde L'Isle-Adam, J.-K. Huysmans, the fe?eries of Georges Me?lie?s and Alice Guy Blache?'s Esmeralda; 'Another Kind of Showman': Robert Louis Stevenson,Bram Stoker, Robert Paul, Albert Smith and Film's First Frankenstein. Anglo-American Gothic in the Age of the First Films 1895-1910 327 $aConclusion: French ExtremityNotes; Bibliography; Index 330 $aAlmost everyone loves a good horror film but how did they originate? Audiences thrilled and shuddered at ghosts and monsters projected on screens all over Europe for centuries before film was born. This pioneering book traces the origins and development of the magic lantern shows of fear and reveals their close relation to the great upsurge in Gothic writing, so popular with readers today. 410 0$aGothic literary studies. 606 $aGothic fiction (Literary genre)$xHistory and criticism 615 0$aGothic fiction (Literary genre)$xHistory and criticism. 676 $a700.903 700 $aJones$b David J$0394166 801 0$bMiAaPQ 801 1$bMiAaPQ 801 2$bMiAaPQ 906 $aBOOK 912 $a9910789884503321 996 $aGothic machine$93845725 997 $aUNINA LEADER 05773nam 22006615 450 001 9910300529703321 005 20251202115515.0 010 $a3-319-74467-4 024 7 $a10.1007/978-3-319-74467-4 035 $a(CKB)4100000004832012 035 $a(DE-He213)978-3-319-74467-4 035 $a(MiAaPQ)EBC5419762 035 $a(PPN)229493823 035 $a(EXLCZ)994100000004832012 100 $a20180607d2018 u| 0 101 0 $aeng 135 $aurnn|008mamaa 181 $ctxt$2rdacontent 182 $cc$2rdamedia 183 $acr$2rdacarrier 200 10$aActive Interrogation in Nuclear Security $eScience, Technology and Systems /$fedited by Igor Jovanovic, Anna S. Erickson 205 $a1st ed. 2018. 210 1$aCham :$cSpringer International Publishing :$cImprint: Springer,$d2018. 215 $a1 online resource (XI, 361 p. 171 illus., 138 illus. in color.) 225 1 $aAdvanced Sciences and Technologies for Security Applications,$x2363-9466 311 08$a3-319-74466-6 327 $aPreface -- chapter 1 Introduction -- chapter 2 Measurement needs and challenges in nuclear security -- chapter 3 Features and limitations of passive measurements -- chapter 4 Foundations of active measurements -- chapter 5 Radiation sources for active interrogation -- chapter 6 Detectors and measurement techniques -- chapter 7 Data acquisition and processing systems -- chapter 8 Modeling and simulation -- chapter 9 Data interpretation and algorithms -- chapter 10 Examples of active measurement systems -- chapter 11 Radiation dose in various systems -- chapter 12 Science and technology trends -- Conclusion. 330 $aThis volume constitutes the state-of-the-art in active interrogation, widely recognized as indispensable methods for addressing current and future nuclear security needs. Written by a leading group of science and technology experts, this comprehensive reference presents technologies and systems in the context of the fundamental physics challenges and practical requirements. It compares the features, limitations, technologies, and impact of passive and active measurement techniques; describes radiation sources for active interrogation including electron and ion accelerators, intense lasers, and radioisotope-based sources; and it describes radiation detectors used for active interrogation. Entire chapters are devoted to data acquisition and processing systems, modeling and simulation, data interpretation and algorithms, and a survey of working active measurement systems. Active Interrogation in Nuclear Security is structured to appeal to a range of audiences, including graduate students, active researchers in the field, and policy analysts. The first book devoted entirely to active interrogation Presents a focused review of the relevant physics Surveys available technology Analyzes scientific and technology trends Provides historical and policy context Igor Jovanovic is a Professor of Nuclear Engineering and Radiological Sciences at the University of Michigan and has previously also taught at Penn State University and Purdue University. He received his Ph.D. from University of California, Berkeley and worked as physicist at Lawrence Livermore National Laboratory. Dr. Jovanovic has made numerous contributions to the science and technology of radiation detection, as well as the radiation sources for use in active interrogation in nuclear security. He has taught numerous undergraduate and graduate courses in areas that include radiation detection, nuclear physics, and nuclear security. At University of Michigan Dr. Jovanovic is the director of Neutron Science Laboratory and is also associated with the Center for Ultrafast Optical Science. Anna Erickson is an Assistant Professor in the Nuclear and Radiological Engineering Program of the G.W. Woodruff School of Mechanical Engineering at Georgia Institute of Technology. Previously, she was a postdoctoral researcher in the Advanced Detectors Group at Lawrence Livermore National Laboratory. Dr. Erickson received her PhD from Massachusetts Institute of Technology with a focus on radiation detection for active interrogation applications. Her research interests focus on nuclear non-proliferation including antineutrino analysis and non-traditional detector design and characterization. She teaches courses in advanced experimental detection for reactor and nuclear nonproliferation applications, radiation dosimetry and fast reactor analysis. 410 0$aAdvanced Sciences and Technologies for Security Applications,$x2363-9466 606 $aSecurity systems 606 $aNuclear engineering 606 $aNuclear physics 606 $aMaterials$xAnalysis 606 $aMeasurement 606 $aMeasuring instruments 606 $aSecurity Science and Technology 606 $aNuclear Energy 606 $aNuclear and Particle Physics 606 $aCharacterization and Analytical Technique 606 $aMeasurement Science and Instrumentation 615 0$aSecurity systems. 615 0$aNuclear engineering. 615 0$aNuclear physics. 615 0$aMaterials$xAnalysis. 615 0$aMeasurement. 615 0$aMeasuring instruments. 615 14$aSecurity Science and Technology. 615 24$aNuclear Energy. 615 24$aNuclear and Particle Physics. 615 24$aCharacterization and Analytical Technique. 615 24$aMeasurement Science and Instrumentation. 676 $a621.389 702 $aJovanovic$b Igor$4edt$4http://id.loc.gov/vocabulary/relators/edt 702 $aErickson$b Anna S$4edt$4http://id.loc.gov/vocabulary/relators/edt 906 $aBOOK 912 $a9910300529703321 996 $aActive Interrogation in Nuclear Security$92544894 997 $aUNINA